000 00300nam a22001337a 4500
008 170911b xxu||||| |||| 00| 0 eng d
020 _a0471537322
041 _aeng
080 _26TH
_a91
100 _a42
101 _aGJEO
245 _aGEOGRAPHY REGIONS AND CONCEPTS
_cBLIJ,H,J
942 _2udc
_cBK
999 _c26937
_d26937